000 00834nam a2200253Ia 4500
003 OSt
005 20220918171242.0
006 a|||||r|||| 00| 0
007 ta
008 220917b |||||||| |||| 00| 0 eng d
020 _a9781442274860 (pbk)
_cUKP 23.95
024 _a324,591
037 _b13508, 08/03/2018, Elite Publishers Distributors
_cTextual
040 _aARTS
_cARTS
_beng
041 _2eng
_aeng
082 _a2:55, Q7
100 _aShaw Marie Keen Au.
_935099
245 0 _aCataloging library resources
_b introduction
260 _aLanham
_bRowman and Littlefiled Maryland
_c2017
300 _axxviii,228p.
_ccm.
650 _aCATALOGUING; LIBRARY SCIENCE
_925434
942 _h2:55, Q7
_cTEXL
_2CC
999 _c138584
_d138584